书目信息 |
| 题名: |
产业经济学
|
|
| 作者: | 蔡秀云 主编 | |
| 分册: | ||
| 出版信息: | 北京 经济日报出版社 2007 |
|
| 页数: | 359页 | |
| 开本: | 23cm | |
| 丛书名: | ||
| 单 册: | ||
| 中图分类: | F062.9 | |
| 科图分类: | ||
| 主题词: | 产业经济学--高等学校--教材 | |
| 电子资源: | ||
| ISBN: | 978-7-80180-779-3 | |
| 000 | 01145nam0 2200253 450 | |
| 001 | 012007110694 | |
| 005 | 20130628105259.39 | |
| 010 | @a978-7-80180-779-3@dCNY36.00 | |
| 100 | @a20071123d2007 em y0chiy0110 ea | |
| 101 | 0 | @achi |
| 102 | @aCN@b110000 | |
| 105 | @aak z 000yy | |
| 106 | @ar | |
| 200 | 1 | @a产业经济学@9chan ye jing ji xue@f蔡秀云主编 |
| 210 | @a北京@c经济日报出版社@d2007 | |
| 215 | @a359页@c图@d23cm | |
| 300 | @a首都经济贸易大学精品教材 | |
| 330 | @a本书首先从学科发展现状和研究内容出发,贯彻了微观——中观——宏观的逻辑主线:微观部分包括:市场主体即企业;市场结构、市场行为和市场绩效、政府规制等产业组织理论;中观和宏观部分包括:产业结构、产业关联、产业集聚和产业布局、产业竞争力和产业安全以及相应的政策等内容;其次,本书既突出产业经济学基本知识、基本原理的阐释,又对产业经济学中的难点、重点问题进行了较为深入的分析。再次,出于理论服务于实践的考虑,根据各部分内容的特点,尽可能做到理论结合实际。 | |
| 510 | 1 | @aIndustrial economics@zeng |
| 606 | 0 | @a产业经济学@x高等学校@j教材 |
| 690 | @aF062.9@v4 | |
| 701 | 0 | @a蔡秀云@9cai xiu yun@4主编 |
| 801 | 0 | @aCN@bRENTIAN@c20071123 |
| 905 | @b546044-48@dF062.9@e109@f5 | |
| 产业经济学/蔡秀云主编.-北京:经济日报出版社,2007 |
| 359页:图;23cm |
| 首都经济贸易大学精品教材 |
| ISBN 978-7-80180-779-3:CNY36.00 |
| 本书首先从学科发展现状和研究内容出发,贯彻了微观——中观——宏观的逻辑主线:微观部分包括:市场主体即企业;市场结构、市场行为和市场绩效、政府规制等产业组织理论;中观和宏观部分包括:产业结构、产业关联、产业集聚和产业布局、产业竞争力和产业安全以及相应的政策等内容;其次,本书既突出产业经济学基本知识、基本原理的阐释,又对产业经济学中的难点、重点问题进行了较为深入的分析。再次,出于理论服务于实践的考虑,根据各部分内容的特点,尽可能做到理论结合实际。 |
| ● |
| 相关链接 |
|
|
|
|
正题名:产业经济学
索取号:F062.9/109
 
预约/预借
| 序号 | 登录号 | 条形码 | 馆藏地/架位号 | 状态 | 备注 |
| 1 | 546044 | 205460446 | 第一样本阅览室/ [索取号:F062.9/109] | 在馆 | |
| 2 | 546045 | 205460455 | 第一借阅区/ [索取号:F062.9/109] | 在馆 | |
| 3 | 546046 | 205460464 | 第一借阅区/ [索取号:F062.9/109] | 在馆 | |
| 4 | 546047 | 205460473 | 第一借阅区/ [索取号:F062.9/109] | 在馆 | |
| 5 | 546048 | 205460482 | 第一借阅区/ [索取号:F062.9/109] | 在馆 |